| 000 | 00756nam a22002057a 4500 | ||
|---|---|---|---|
| 999 |
_c88806 _d88806 |
||
| 005 | 20230530153004.0 | ||
| 010 | _aENG-110902 ENG-137054 | ||
| 020 |
_a9789351432210 _c550.00 |
||
| 035 | _aEN-94434 EN-120586 | ||
| 037 | _bDBAD/PUB | ||
| 082 | _a345.405002632 | ||
| 100 | _aRanchhoddas, Ratanlal | ||
| 245 |
_aRatanlal and Dhirajlal's the Indian Penal Code / _cby Ratanlal Ranchhoddas [and] Dhirajlal Keshavlal Thakore; edited by Versha Vahini |
||
| 260 |
_aGurgaon _bLexis Nexis _c2014 |
||
| 270 |
_a14th Floor, Building No.10, Tower-B, DLF Cyber City, Phase-II _bGurgaon _e122002 |
||
| 300 |
_acliii,994p. _c25cm(pbk) |
||
| 700 | _aThakore, Dhirajlal Keshavlal | ||
| 700 | _aVahini, Versha | ||
| 942 |
_2ddc _cEN _mRAN _h345.405002632 |
||